[Event "Wellington op"]
[Site "Wellington"]
[Date "2023.04.07"]
[Round "2"]
[White "Sun, Taoran Ethan"]
[Black "Brockway, Andrew"]
[Result "0-1"]
[WhiteElo "1237"]
[BlackElo "1523"]
[PlyCount "52"]
[EventDate "2023.04.07"]
[EventType "swiss"]
[EventRounds "6"]
[EventCountry "NZL"]
[SourceTitle "EXT 2025"]
[Source "ChessBase"]
[SourceDate "2024.10.14"]
[SourceVersion "1"]
[SourceVersionDate "2024.10.14"]
[SourceQuality "1"]

1. e4 c5 2. d4 cxd4 3. c3 g6 4. Nf3 Bg7 5. Bc4 e6 6. cxd4 d5 7. exd5 exd5 8. Bb3 Nf6 9. 0-0 0-0 10. Nc3 Nc6 11. Bg5 Be6 12. Ne5 h6 13. Bh4 g5 14. Bg3 Qb6 15. Bxd5 Bxd5 16. Nxd5 Nxd5 17. Nd7 Qb5 18. Nxf8 Rxf8 19. Qd2 f5 20. f4 Bxd4+ 21. Kh1 Be3 22. Qe1 Nd4 23. Rc1 Bxc1 24. Qxc1 Ne2 25. Qe1 Nxg3+ 26. Qxg3 Qxf1# 0-1

[Event "NZL-ch op-B 130th"]
[Site "Wellington"]
[Date "2023.01.08"]
[Round "7"]
[White "Sun, Taoran Ethan"]
[Black "Jones, Christopher"]
[Result "0-1"]
[WhiteElo "1219"]
[BlackElo "1596"]
[PlyCount "36"]
[EventDate "2023.01.02"]
[EventType "swiss"]
[EventRounds "9"]
[EventCountry "NZL"]
[SourceTitle "CBM 212 Extra"]
[Source "ChessBase"]
[SourceDate "2023.03.31"]
[SourceVersion "1"]
[SourceVersionDate "2023.03.31"]
[SourceQuality "1"]

1. e4 e5 2. Nf3 Nc6 3. Bc4 Bc5 4. Nc3 Nf6 5. d3 d6 6. h3 Be6 7. Bb3 Qd7 8. Bg5 h6 9. Bh4 0-0-0 10. 0-0 g5 11. Nxg5 hxg5 12. Bxg5 Bxh3 13. Qf3 Bxg2 14. Qxg2 Rdg8 15. Rfe1 Rxg5 16. Qxg5 Rg8 17. Qxg8+ Nxg8 18. Kf1 Nd4 0-1

[Event "NZL-ch op-B 130th"]
[Site "Wellington"]
[Date "2023.01.04"]
[Round "3"]
[White "Sun, Taoran Ethan"]
[Black "Familton, Gregory"]
[Result "0-1"]
[WhiteElo "1219"]
[BlackElo "1864"]
[PlyCount "76"]
[EventDate "2023.01.02"]
[EventType "swiss"]
[EventRounds "9"]
[EventCountry "NZL"]
[SourceTitle "CBM 212 Extra"]
[Source "ChessBase"]
[SourceDate "2023.03.31"]
[SourceVersion "1"]
[SourceVersionDate "2023.03.31"]
[SourceQuality "1"]

1. e4 c5 2. d4 cxd4 3. c3 dxc3 4. Nxc3 Nc6 5. Nf3 e6 6. Bc4 Nge7 7. 0-0 Ng6 8. b3 a6 9. Bb2 Be7 10. Nd4 Nxd4 11. Qxd4 Bf6 12. Qe3 b5 13. Be2 0-0 14. b4 Bb7 15. f3 d5 16. exd5 Bxd5 17. Rfd1 Ne7 18. Rab1 Qc7 19. Rdc1 Qb7 20. Nxd5 Nxd5 21. Qe4 Bxb2 22. Rxb2 Rac8 23. Rbc2 Rxc2 24. Rxc2 Qe7 25. a3 Qg5 26. Bd3 g6 27. Bf1 Rd8 28. Rc6 Ra8 29. Rd6 Qe3+ 30. Qxe3 Nxe3 31. Rd3 Nd5 32. Rb3 Rc8 33. Kf2 Rc2+ 34. Ke1 Kg7 35. Be2 Nf4 36. Kd1 Rxe2 37. g3 Rxh2 38. gxf4 h5 0-1